¿Quién ha pasado por aquí? : (Registro nro. 33482)
[ vista simple ]
| 000 -CABECERA | |
|---|---|
| Longitud fija campo de control | 01248nam a2200361 a 4500 |
| 003 - • IDENTIFICADOR DELl NÚMERO DE CONTROL | |
| Identificador del número de control | CO-ViMGA |
| 005 - • FECHA Y HORA DE LA ÚLTIMA TRANSACCIÓN | |
| Fecha y hora de la última transacción | 20230915232156.0 |
| 008 - • CÓDIGOS DE INFORMACIÓN DE LONGITUD FIJA | |
| Códigos de información de longitud fija | 141112s2004 ck r 000 u spa d |
| 017 ## - NÚMERO DE COPYRIGHT O DE DEPÓSITO LEGAL | |
| Número de copyright o de depósito legal | B 27230 - 2012 Oficina Depósito Legal Barcelona |
| 020 ## - • NÚMERO INTERNACIONAL NORMALIZADO PARA LIBROS | |
| Número Internacional Normalizado para Libros (ISBN) | 9788426139658 |
| 040 ## - FUENTE DE LA CATALOGACIÓN | |
| Centro catalogador de origen | CO-ViMGA |
| Lengua de catalogación | spa |
| Centro transcriptor | CO-ViMGA |
| 041 ## - • CÓDIGO DE LENGUA | |
| Código de lengua del texto/banda sonora o título independiente | spa ger |
| 080 ## - NÚMERO DE LA CLASIFICACIÓN DECIMAL UNIVERSAL | |
| Número de la Clasificación Decimal Universal | 087.5 : 591.5 |
| 100 1# - • PUNTO DE ACCESO PRINCIPAL-NOMBRE DE PERSONA | |
| Nombre de persona | Lange, Monika 1968 - |
| 240 ## - • TÍTULO UNIFORME | |
| Título uniforme | <a href="Wer war denn da? Español">Wer war denn da? Español</a> |
| 245 10 - • TITULO PROPIAMENTE DICHO | |
| Título | ¿Quién ha pasado por aquí? : |
| Resto del título | las huellas y los rastros de los animales / |
| Mención de responsabilidad, etc. | Monika Lange, Christine Faltermayr ; [traducción de Maria Antònia Torras] |
| 300 ## - • DESCRIPCIÓN FÍSICA | |
| Extensión | 25 p. (algunas pleg.) il. col. 20 x 22 cm |
| 336 ## - TIPO DE CONTENIDO | |
| Término de tipo de contenido | Imagen (fija ; bidimensional ; visual) Texto (visual) isbdcontent |
| 337 ## - TIPO DE MEDIO | |
| Nombre del tipo de medio | sin mediación isbdmedia |
| 490 ## - • MENCIÓN DE SERIE | |
| Mención de serie | Mis libros de animales |
| 594 ## - | |
| -- | Título original : Wer war denn da? |
| 650 14 - • PUNTO DE ACCESO ADICIONAL DE MATERIA - TÉRMINO DE MATERIA | |
| Término de materia o nombre geográfico como elemento inicial | Animales - Huellas - Libros infantiles |
| 700 1# - • PUNTO DE ACCESO ADICIONAL - NOMBRE DE PERSONA | |
| Nombre de persona | Faltermayr, Christine |
| 926 ## - | |
| -- | BNALCALA SG_PETANTI 12/895526 FONDO_MODE 1 |
| 942 ## - ENTRADA DE ELEMENTOS AGREGADOS (KOHA) | |
| Fuente de clasificaión o esquema | Dewey Decimal Classification |
| Koha [por defecto] tipo de item | LIbro |
| 956 ## - LOCALIZACIÓN Y ACCESO ELECTRÓNICO LOCAL (OCLC) | |
| Nombre de la fuente | 2 |
| Perdido | Fuente de clasificación o esquema | Estado Físico | No para préstamo | Forma de adquisición | Localización permanente | Localización actual | Fecha adquisición | Serie de enumeración / cronolog&íacute;a | Préstamos totales | Signatura completa | Código de barras | Fecha última consulta | Número de copia | Fecha del precio de reemplazo | Tipo de item de Koha |
|---|---|---|---|---|---|---|---|---|---|---|---|---|---|---|---|
| Dewey Decimal Classification | Sala Infantil Segundo Piso | Biblioteca Pública Germán Arciniegas - Villavicencio | Biblioteca Pública Germán Arciniegas - Villavicencio | 12/04/2015 | 15/dic/2014 | LANq | 27888 | 12/04/2015 | Ej. 1 | 12/04/2015 | LIbro |